000 00557nam a2200181Ia 4500
003 GCL
008 140319s9999 xx 000 0 ara d
040 _aGCL /
_cGCL
082 0 4 _aط
_b372.64
_bد م
100 1 _aدار المعارف
245 1 0 _aياسمينة والفيل الصغير /
_cدار المعارف
260 _a[S.N] :
_bدار المعارف للطباعة والنشر ،
_c1992
300 _a10 ص
490 _aمغامرات ياسمينة
_v0
650 0 4 _aالاطفال
650 0 4 _aقصص الاطفال
942 _2ddc
_cBK
999 _c57347
_d57347